[Event "Championnat de France - Open C"]
[Site "Aix-les-Bains"]
[Date "????.??.??"]
[Round "3.8"]
[White "Pinel, Jeremy"]
[Black "Masot, Liberto"]
[Result "0-1"]
[WhiteElo "1663"]
[BlackElo "1742"]
[PlyCount "78"]

1. e4 d5 2. exd5 Qxd5 3. d4 Nf6 4. Nf3 Nc6 5. c4 Qd6 6. Nc3 a6 7. Be2 Bg4 8.
Be3 O-O-O 9. Qb3 e6 10. O-O Na5 11. Qa4 Bxf3 12. Bxf3 Qb4 13. Qxb4 Bxb4 14.
Rab1 Nxc4 15. a3 Bxc3 16. bxc3 Nd5 17. Rfc1 c6 18. Bxd5 exd5 19. Rb3 Rhe8 20.
Rcb1 Rd7 21. h3 Nxe3 22. fxe3 Rxe3 23. Kf2 Re4 24. a4 Rde7 25. R1b2 f5 26. a5
Re1 27. Rxb7 Rxb7 28. Rxb7 Kxb7 29. Kxe1 c5 30. dxc5 Kc6 31. Ke2 Kxc5 32. Kd3
g5 33. g3 f4 34. gxf4 gxf4 35. h4 h5 36. Ke2 Kc4 37. Kf3 Kxc3 38. Kxf4 d4 39.
Kg5 d3 0-1

[Event "Championnat de France - Open C"]
[Site "Aix-les-Bains"]
[Date "????.??.??"]
[Round "3.9"]
[White "Fahys, Bertrand"]
[Black "Chazeau, Laineur-Lothaire"]
[Result "1-0"]
[WhiteElo "1740"]
[BlackElo "1660"]
[PlyCount "125"]

1. e4 e5 2. Nf3 Nc6 3. Nc3 Nf6 4. d3 d6 5. h3 Be6 6. Ng5 Qd7 7. Nxe6 fxe6 8. f4
exf4 9. Bxf4 e5 10. Bd2 Be7 11. g4 Nh5 12. Be3 Bh4+ 13. Kd2 Nf4 14. Nd5 Nxd5
15. exd5 Ne7 16. c4 c6 17. dxc6 bxc6 18. Qf3 d5 19. Kc2 Rf8 20. Qd1 d4 21. Bd2
Rf2 22. Kc1 Rb8 23. b4 a5 24. Be1 Bg5+ 25. Kb1 Rf6 26. a3 Be3 27. Ra2 Ng6 28.
Qa4 axb4 29. axb4 Nf4 30. Bg3 g5 31. Qa5 Qd6 32. Rb2 Rf7 33. h4 Rfb7 34. Be1
Qg6 35. Qxe5+ Kd7 36. Qxg5 Qxg5 37. hxg5 Ke6 38. Rh6+ Ng6 39. Bg2 Rb6 40. Be4
Bxg5 41. Rxh7 Ne7 42. Rh5 Be3 43. Ra5 Rf8 44. Bh4 Rf1+ 45. Ka2 Rg1 46. Bxe7
Kxe7 47. c5 Rb8 48. Bxc6 Rh8 49. Kb3 Bc1 50. Rb1 Rh2 51. Kc4 Rc2+ 52. Kb5 Rxg4
53. Bd5 Rg5 54. Bc4 Rh5 55. Rba1 Bd2 56. Ra7+ Kd8 57. Rg1 Bg5 58. Kb6 Rxc4 59.
dxc4 d3 60. Rf1 Rh6+ 61. Kb5 Be7 62. Rd1 Rh3 63. Ra3 1-0

[Event "Championnat de France - Open C"]
[Site "Aix-les-Bains"]
[Date "????.??.??"]
[Round "3.10"]
[White "Pierrot, Philippe"]
[Black "Houdeyer, Hendricks"]
[Result "1-0"]
[WhiteElo "1740"]
[BlackElo "1660"]
[PlyCount "87"]

1. e4 c5 2. Nc3 Nc6 3. g3 e6 4. Bg2 Nge7 5. f4 a6 6. d3 d6 7. Nf3 b5 8. O-O g6
9. Rb1 Bg7 10. Ne2 Bb7 11. c3 d5 12. e5 c4 13. d4 a5 14. b3 Qc8 15. bxc4 bxc4
16. g4 h5 17. h3 a4 18. Ba3 Bf8 19. Qc2 Ng8 20. Bxf8 Kxf8 21. f5 hxg4 22. hxg4
gxf5 23. gxf5 exf5 24. Ng5 Nce7 25. e6 f6 26. Nf7 Rh7 27. Nd6 Qxe6 28. Nxb7
Qe3+ 29. Rf2 Nh6 30. Qc1 Ng4 31. Qxe3 Nxe3 32. Nc5 Kf7 33. Nf4 Rh4 34. Re2 Rxf4
35. Rxe3 Rg8 36. Rb7 Re4 37. Nxe4 fxe4 38. Kf2 f5 39. Rh3 Rg7 40. Bf1 f4 41.
Rh4 f3 42. Bh3 Ke8 43. Rh8+ Kf7 44. Rh6 1-0

[Event "Championnat de France - Open C"]
[Site "Aix-les-Bains"]
[Date "????.??.??"]
[Round "4.1"]
[White "Raggini, Bernard"]
[Black "Pouchon, Joffrey"]
[Result "0-1"]
[WhiteElo "1736"]
[BlackElo "1770"]
[PlyCount "68"]

1. e4 c5 2. Nf3 d6 3. d4 cxd4 4. Nxd4 Nf6 5. Nc3 a6 6. Bc4 g6 7. f3 Bg7 8. Be3
O-O 9. Qd2 Nc6 10. O-O-O Nxd4 11. Bxd4 b5 12. Bb3 Bb7 13. h4 b4 14. Na4 a5 15.
g4 Bc6 16. h5 Bxa4 17. Bxa4 Qc7 18. hxg6 fxg6 19. Bxf6 Bxf6 20. Bb3+ Kh8 21.
Be6 Be5 22. Qh6 Bf4+ 23. Kb1 Bxh6 24. Rxh6 Kg7 25. g5 Rxf3 26. Rdh1 Rh8 27. Bd5
e5 28. R6h2 Qe7 29. Rg2 h5 30. Bb3 Rhf8 31. Rgg1 R8f4 32. Bd5 Qxg5 33. Bc4 Rg4
34. Rxg4 hxg4 0-1

[Event "Championnat de France - Open C"]
[Site "Aix-les-Bains"]
[Date "????.??.??"]
[Round "4.2"]
[White "Masot, Liberto"]
[Black "Scherrer, Gilles"]
[Result "1-0"]
[WhiteElo "1742"]
[BlackElo "1670"]
[PlyCount "41"]

1. d4 Nf6 2. e3 d5 3. Bd3 e6 4. f4 c5 5. c3 Nc6 6. Nf3 b6 7. O-O Bb7 8. Bd2 Be7
9. Be1 O-O 10. Nbd2 Rc8 11. Bh4 Nd7 12. Bxe7 Qxe7 13. Bxh7+ Kh8 14. Bd3 g6 15.
Qe1 Kg7 16. Qg3 Rcd8 17. Nh4 Rh8 18. Nxg6 fxg6 19. Qxg6+ Kf8 20. f5 Nf6 21.
fxe6 1-0

[Event "Championnat de France - Open C"]
[Site "Aix-les-Bains"]
[Date "????.??.??"]
[Round "4.3"]
[White "Bienaime, Pierre"]
[Black "Fahys, Bertrand"]
[Result "1-0"]
[WhiteElo "1678"]
[BlackElo "1740"]
[PlyCount "102"]

1. d4 d5 2. c4 c6 3. Qc2 Nf6 4. Nf3 g6 5. Bf4 dxc4 6. Qxc4 b5 7. Qc1 Bg7 8.
Bxb8 Rxb8 9. Qxc6+ Nd7 10. e3 Bb7 11. Qc2 Bxf3 12. gxf3 O-O 13. Nc3 Qa5 14. Qd2
b4 15. Ne4 Rfd8 16. f4 e5 17. fxe5 Nxe5 18. Be2 Qd5 19. Ng3 Nf3+ 20. Bxf3 Qxf3
21. Qe2 Qd5 22. O-O h5 23. f3 Re8 24. Rfd1 b3 25. a3 Rbc8 26. Ne4 Rc2 27. Rd2
Rec8 28. Rad1 h4 29. Rxc2 bxc2 30. Rc1 Qb3 31. Nc5 Qxb2 32. Rxc2 Qa1+ 33. Kg2
Rb8 34. Ra2 Qb1 35. Nd3 Bh6 36. f4 Qb7+ 37. Qf3 h3+ 38. Kg3 Qb1 39. Rd2 Qa1 40.
Kxh3 Qc3 41. Qe2 Qxa3 42. Ra2 Qe7 43. Ne5 Qe6+ 44. Kg3 Rb7 45. Ra6 Rb6 46. Rxa7
Rb3 47. Rxf7 Bg7 48. Rc7 Bxe5 49. dxe5 Qb6 50. Qc4+ Kh8 51. Rc8+ Kh7 1-0

[Event "Championnat de France - Open C"]
[Site "Aix-les-Bains"]
[Date "????.??.??"]
[Round "4.4"]
[White "Bellaiche, Elise"]
[Black "Pierrot, Philippe"]
[Result "1-0"]
[WhiteElo "1630"]
[BlackElo "1740"]
[PlyCount "31"]

1. e4 d6 2. d4 Nf6 3. Nc3 g6 4. Nf3 Bg7 5. Bd3 O-O 6. O-O c6 7. h3 Nbd7 8. Be3
Re8 9. Qd2 e5 10. Rae1 exd4 11. Nxd4 Ne5 12. f4 Nxd3 13. Qxd3 Bd7 14. f5 d5 15.
Bg5 gxf5 16. e5 1-0

[Event "Championnat de France - Open C"]
[Site "Aix-les-Bains"]
[Date "????.??.??"]
[Round "4.5"]
[White "Belhachemi, Loic"]
[Black "Gelin, Baptiste"]
[Result "1-0"]
[WhiteElo "1800"]
[BlackElo "1705"]
[PlyCount "51"]

1. e4 e5 2. Nf3 Nc6 3. Bc4 Nf6 4. Nc3 Nxe4 5. Nxe4 d5 6. Bd3 dxe4 7. Bxe4 Bd7
8. O-O Bd6 9. Re1 Qe7 10. d4 O-O-O 11. dxe5 Nxe5 12. Nxe5 Bxe5 13. f4 Bc6 14.
Qg4+ Bd7 15. Bxb7+ Kb8 16. Qf3 Bd4+ 17. Be3 Bxe3+ 18. Rxe3 Qc5 19. Kh1 Qxc2 20.
Rb3 c6 21. Bxc6+ Kc7 22. Be4 Qd2 23. Rc3+ Kb8 24. Rd1 Qxb2 25. Rb3+ Qxb3 26.
Qxb3+ 1-0

[Event "Championnat de France - Open C"]
[Site "Aix-les-Bains"]
[Date "????.??.??"]
[Round "4.6"]
[White "Gharagyozyan, Gor"]
[Black "Poche, Denis"]
[Result "0-1"]
[WhiteElo "1790"]
[BlackElo "1690"]
[PlyCount "87"]

1. d4 f5 2. g3 Nf6 3. Bg2 g6 4. c4 d6 5. Nc3 Bg7 6. Nf3 O-O 7. Qb3 Nc6 8. Bf4
Nh5 9. c5+ Kh8 10. O-O-O Nxf4 11. gxf4 Na5 12. Qa4 c6 13. Qc2 b5 14. b4 Nc4 15.
d5 cxd5 16. Rxd5 Bb7 17. Rd3 Be4 18. Nxb5 Nb2 19. Nbd4 Bxd4 20. Nxd4 Nxd3+ 21.
exd3 Bxg2 22. Ne6 Qd7 23. Nxf8 Rxf8 24. Qc3+ Kg8 25. Rg1 Bc6 26. h4 dxc5 27.
bxc5 Rd8 28. h5 Kf7 29. hxg6+ hxg6 30. Rd1 Qd4 31. Qb3+ Kf6 32. Qb2 Qxb2+ 33.
Kxb2 Rd4 34. Kc3 Rxf4 35. Re1 Rxf2 36. a3 e5 37. Kc4 g5 38. Rh1 Bxh1 39. Kb5
Rh2 40. c6 Bxc6+ 41. Kxc6 Rh3 42. a4 Rxd3 43. a5 Rb3 44. a6 0-1

[Event "Championnat de France - Open C"]
[Site "Aix-les-Bains"]
[Date "????.??.??"]
[Round "4.7"]
[White "Perradin, Vincent"]
[Black "Rigolot, Lucie"]
[Result "1-0"]
[WhiteElo "1780"]
[BlackElo "1677"]
[PlyCount "113"]

1. e4 c5 2. Nf3 d6 3. d4 cxd4 4. Nxd4 Nf6 5. Nc3 a6 6. Bg5 e6 7. Qd2 Be7 8. Be2
Qc7 9. f3 b5 10. h4 Bb7 11. O-O-O Nbd7 12. Bd3 Nc5 13. Kb1 Rb8 14. Nb3 b4 15.
Ne2 Nxd3 16. cxd3 a5 17. Rc1 Qb6 18. Be3 Qa6 19. Nbd4 Nd7 20. g3 Nc5 21. Rhd1
a4 22. f4 Rc8 23. Qxb4 Nxd3 24. Rxc8+ Bxc8 25. Qb5+ Qxb5 26. Nxb5 Nc5 27. e5
Ne4 28. Nxd6+ Nxd6 29. exd6 Bf6 30. Bd4 Bxd4 31. Rxd4 Kd7 32. Nc3 Bb7 33. Nxa4
Bd5 34. Nb6+ Kxd6 35. Nxd5 exd5 36. Kc2 Rc8+ 37. Kd2 Kc5 38. Rd3 Rd8 39. Re3
Rb8 40. Kc2 Rb7 41. a3 Kd4 42. Rd3+ Ke4 43. a4 Ra7 44. Ra3 d4 45. b4 Rc7+ 46.
Kd2 Rc4 47. Rb3 d3 48. Rb2 Kd4 49. a5 Rc8 50. b5 Rb8 51. b6 Kc5 52. b7 Kc6 53.
a6 Kc7 54. Rb1 Kc6 55. a7 Rxb7 56. a8=Q Kd6 57. Qxb7 1-0

[Event "Championnat de France - Open C"]
[Site "Aix-les-Bains"]
[Date "????.??.??"]
[Round "4.8"]
[White "Conchon, Jean-Paul"]
[Black "Oges, Helene"]
[Result "1-0"]
[WhiteElo "1776"]
[BlackElo "1650"]
[PlyCount "43"]

1. e4 e5 2. Bc4 Bc5 3. Nf3 Nc6 4. c3 Nf6 5. d3 O-O 6. b4 Nxb4 7. cxb4 Bxb4+ 8.
Bd2 Bxd2+ 9. Nbxd2 d6 10. O-O c6 11. Rc1 d5 12. exd5 cxd5 13. Bb3 e4 14. dxe4
dxe4 15. Ng5 Bf5 16. Re1 Bg4 17. Qc2 Rc8 18. Qb2 Rxc1 19. Qxc1 Qa5 20. Ndxe4
Nxe4 21. Nxe4 Re8 22. Nf6+ 1-0

[Event "Championnat de France - Open C"]
[Site "Aix-les-Bains"]
[Date "????.??.??"]
[Round "4.9"]
[White "Dimart, Denis"]
[Black "Benmesbah, Sarah"]
[Result "1-0"]
[WhiteElo "1686"]
[BlackElo "1774"]
[PlyCount "133"]

1. d4 f5 2. c4 Nf6 3. Nc3 e6 4. g3 d5 5. cxd5 exd5 6. Bg2 c6 7. Nh3 Bd6 8. O-O
O-O 9. Qb3 Qe8 10. Bf4 Bxf4 11. Nxf4 Ne4 12. Rfe1 Kh8 13. Rad1 Nd7 14. f3 g5
15. Nfxd5 Nxg3 16. hxg3 cxd5 17. Nxd5 Qh5 18. e4 fxe4 19. Rxe4 Nf6 20. Nxf6
Rxf6 21. Rde1 Bh3 22. R4e3 Bxg2 23. Kxg2 Rh6 24. Kf1 g4 25. f4 Rb6 26. Qc3 Rc6
27. Qd2 Rac8 28. Rc3 Qh1+ 29. Ke2 Rxc3 30. Rxh1 Rc2 31. Rh4 Re8+ 32. Kd3 Rxd2+
33. Kxd2 Re4 34. Kd3 Re1 35. Rxg4 Ra1 36. a3 a5 37. Rg5 b6 38. d5 b5 39. f5
Rd1+ 40. Ke3 Re1+ 41. Kd4 b4 42. axb4 axb4 43. Kc5 Re5 44. Kxb4 Rxd5 45. Kc4
Rd8 46. b4 Rc8+ 47. Kb3 Rc1 48. b5 Rb1+ 49. Kc4 Rc1+ 50. Kd5 Rb1 51. Kc6 Rc1+
52. Kb7 h6 53. Rg6 Rc5 54. b6 Rxf5 55. Rxh6+ Kg7 56. Rc6 Kf8 57. Ka6 Rf3 58. b7
Ra3+ 59. Kb6 Rb3+ 60. Kc7 Ke7 61. b8=Q Rxg3 62. Qd8+ Kf7 63. Rf6+ Kg7 64. Qe7+
Kh8 65. Rf8+ Rg8 66. Qf6+ Kh7 67. Rf7+ 1-0

[Event "Championnat de France - Open C"]
[Site "Aix-les-Bains"]
[Date "????.??.??"]
[Round "4.10"]
[White "Rost, Pierre"]
[Black "Bugnet, Jean-Francois"]
[Result "0-1"]
[WhiteElo "1772"]
[BlackElo "1630"]
[PlyCount "54"]

1. e4 e5 2. Nf3 Nc6 3. Bb5 d6 4. O-O Bd7 5. c3 Nf6 6. Re1 Be7 7. d4 O-O 8. Bg5
Nxd4 9. Nxd4 exd4 10. Bxd7 Qxd7 11. cxd4 Nd5 12. Bd2 Nb6 13. b3 Rad8 14. Ba5 f5
15. f3 fxe4 16. fxe4 Bf6 17. Nc3 c6 18. Rc1 Rde8 19. Bb4 Rf7 20. Rc2 Nc8 21.
Rd2 Qc7 22. Qc2 Qb6 23. Ba3 Bxd4+ 24. Kh1 Qa6 25. Ne2 Bf2 26. Rf1 Qxa3 27. Qc4
Qc5 0-1

[Event "Championnat de France - Open C"]
[Site "Aix-les-Bains"]
[Date "????.??.??"]
[Round "5.1"]
[White "Pouchon, Joffrey"]
[Black "Bienaime, Pierre"]
[Result "0-1"]
[WhiteElo "1770"]
[BlackElo "1678"]
[PlyCount "130"]

1. e4 d5 2. exd5 Qxd5 3. Nc3 Qa5 4. d4 Nf6 5. Nf3 Bf5 6. Bd3 Bg6 7. O-O e6 8.
a3 c6 9. Bf4 Nbd7 10. Re1 Be7 11. b4 Qd8 12. Ne2 Bxd3 13. Qxd3 O-O 14. c4 a5
15. Rab1 axb4 16. axb4 Ra4 17. b5 Ra3 18. Rb3 Nc5 19. Rxa3 Nxd3 20. Rxd3 cxb5
21. cxb5 Nd5 22. Bg3 Qb6 23. Nc3 Nxc3 24. Rxc3 Bb4 25. Bc7 Qa7 26. Rce3 Bxe1
27. Rxe1 b6 28. Bf4 Qa4 29. Re5 Qa1+ 30. Re1 Qb2 31. h4 Qxb5 32. g4 Qd3 33. Re3
Qd1+ 34. Kg2 b5 35. h5 h6 36. Re1 Qa4 37. Re5 Re8 38. g5 hxg5 39. Rxg5 Kh7 40.
Rg3 f6 41. Be3 b4 42. Nh2 Qc6+ 43. Kg1 Ra8 44. Nf3 b3 45. h6 g6 46. Kh2 b2 47.
Nh4 b1=Q 48. Rxg6 Qxg6 49. Nxg6 Kxg6 50. Kg3 Rh8 51. Kh2 Rxh6+ 52. Bxh6 Kxh6
53. Kg3 Qd6+ 54. Kf3 Qxd4 55. Ke2 e5 56. f3 e4 57. fxe4 Qxe4+ 58. Kf2 Qd3 59.
Kg2 Qe3 60. Kh2 Qf3 61. Kg1 Qe2 62. Kh1 Kg5 63. Kg1 Kg4 64. Kh1 Kg3 65. Kg1
Qg2# 0-1

[Event "Championnat de France - Open C"]
[Site "Aix-les-Bains"]
[Date "????.??.??"]
[Round "5.2"]
[White "Bellaiche, Elise"]
[Black "Masot, Liberto"]
[Result "1-0"]
[WhiteElo "1630"]
[BlackElo "1742"]
[PlyCount "68"]

1. e4 d5 2. exd5 Qxd5 3. Nc3 Qd6 4. d4 a6 5. h3 Nf6 6. Nf3 e6 7. Bd3 Nc6 8. Ne4
Nxe4 9. Bxe4 Be7 10. c3 Bf6 11. Be3 Ne7 12. Qd2 Nd5 13. Bg5 Qe7 14. O-O Bxg5
15. Qxg5 Nf6 16. Bc2 g6 17. Rad1 h6 18. Qc1 Bd7 19. Bb3 c6 20. Rfe1 O-O-O 21.
d5 cxd5 22. Bxd5 Nxd5 23. Rxd5 Bc6 24. Rxd8+ Kxd8 25. Ne5 Be8 26. Rd1+ Kc8 27.
Qf4 f6 28. Nc4 e5 29. Qe3 Bc6 30. Na5 Qc7 31. Nc4 Rd8 32. Rxd8+ Qxd8 33. Qxh6
Qd1+ 34. Kh2 Qd5 1-0

[Event "Championnat de France - Open C"]
[Site "Aix-les-Bains"]
[Date "????.??.??"]
[Round "5.3"]
[White "Hadamard, Olivier"]
[Black "Belhachemi, Loic"]
[Result "1-0"]
[WhiteElo "1769"]
[BlackElo "1800"]
[PlyCount "43"]

1. d4 e6 2. c4 d5 3. e3 Nf6 4. Nc3 c5 5. dxc5 Nc6 6. Nf3 Bxc5 7. cxd5 exd5 8.
Bb5 Qb6 9. O-O O-O 10. Bxc6 Qxc6 11. Nd4 Bxd4 12. Qxd4 b6 13. b3 Bb7 14. Bb2
Rfd8 15. Rac1 Qe6 16. Rfd1 Rd7 17. Ne2 Re8 18. Rc2 Qe4 19. Rdc1 Qxd4 20. Bxd4
Ne4 21. Rc7 Ree7 22. Rc8+ 1-0

[Event "Championnat de France - Open C"]
[Site "Aix-les-Bains"]
[Date "????.??.??"]
[Round "5.4"]
[White "Poche, Denis"]
[Black "Perradin, Vincent"]
[Result "1/2-1/2"]
[WhiteElo "1690"]
[BlackElo "1780"]
[PlyCount "64"]

1. e4 e5 2. Nf3 Nc6 3. Bb5 a6 4. Ba4 Nf6 5. O-O d6 6. h3 Nxe4 7. Re1 Ng5 8.
Nxg5 Qxg5 9. d4 Qg6 10. dxe5 Be6 11. c3 O-O-O 12. Bc2 Bf5 13. Bxf5+ Qxf5 14.
exd6 Bxd6 15. Qe2 Bc5 16. Be3 Rhe8 17. Nd2 Bxe3 18. fxe3 Qd3 19. Nf1 Qxe2 20.
Rxe2 Rd3 21. Rae1 Red8 22. Nh2 Rd1 23. Nf3 Rxe1+ 24. Rxe1 f6 25. Re2 Rd1+ 26.
Re1 Rxe1+ 27. Nxe1 Kd7 28. Kf2 Ke6 29. Nd3 b6 30. Nf4+ Ke5 31. Kf3 Ne7 32. Nd3+
Kd6 1/2-1/2

[Event "Championnat de France - Open C"]
[Site "Aix-les-Bains"]
[Date "????.??.??"]
[Round "5.5"]
[White "Bugnet, Jean-Francois"]
[Black "Conchon, Jean-Paul"]
[Result "1-0"]
[WhiteElo "1630"]
[BlackElo "1776"]
[PlyCount "108"]

1. e4 e5 2. Nf3 Nc6 3. d4 exd4 4. Bc4 Bb4+ 5. c3 dxc3 6. bxc3 Be7 7. Qd5 Nh6 8.
Bxh6 O-O 9. Bg5 Bxg5 10. Nxg5 Qe7 11. Nd2 h6 12. Ngf3 d6 13. O-O a5 14. Bb3 a4
15. Bc2 Ra5 16. Qd3 b6 17. e5 g6 18. exd6 cxd6 19. Nc4 Ba6 20. Rfe1 Qf6 21.
Qxd6 Qxd6 22. Nxd6 Rd8 23. Re8+ Rxe8 24. Nxe8 Bc4 25. Nf6+ Kg7 26. Nd7 b5 27.
Nde5 Nxe5 28. Nxe5 Be6 29. Nc6 Ra8 30. Nd4 Bc4 31. f3 Rd8 32. Kf2 Kf6 33. Re1
Rd5 34. Be4 Rc5 35. a3 Ba2 36. Rc1 Bc4 37. Bc6 Ke5 38. Re1+ Kd6 39. Be4 Ba2 40.
Re3 Kc7 41. Bd3 Kb6 42. Bxb5 Rxb5 43. Nxb5 Kxb5 44. Ke1 Kc4 45. Kd2 Kb3 46. Kd3
Kxa3 47. Kd4 Be6 48. c4+ Kb4 49. c5 a3 50. c6 a2 51. Re1 Kb3 52. c7 Kb2 53.
Rxe6 fxe6 54. c8=Q a1=Q 1-0

[Event "Championnat de France - Open C"]
[Site "Aix-les-Bains"]
[Date "????.??.??"]
[Round "5.6"]
[White "Guilchard, Benjamin"]
[Black "Dimart, Denis"]
[Result "0-1"]
[WhiteElo "1790"]
[BlackElo "1686"]
[PlyCount "112"]

1. e4 e5 2. Nf3 Nc6 3. Bb5 a6 4. Ba4 Nf6 5. O-O b5 6. Bb3 Be7 7. Re1 O-O 8. h3
d6 9. c3 Na5 10. Bc2 c5 11. d4 cxd4 12. cxd4 Nc6 13. Nbd2 Nd7 14. Nf1 Bb7 15.
d5 Nb4 16. Bb1 a5 17. Ng3 g6 18. Bh6 Re8 19. Qe2 Nc5 20. Nf1 Bf6 21. Ne3 Bc8
22. Nh2 Bg5 23. Bxg5 Qxg5 24. Nf3 Qf4 25. g3 Qf6 26. Ng4 Qg7 27. Nd2 Bd7 28. a3
Nba6 29. Qf3 Bxg4 30. hxg4 Qh6 31. Qe2 Qh3 32. Bc2 Rab8 33. Rac1 a4 34. b4 axb3
35. Nxb3 Nxb3 36. Bxb3 Nc5 37. Bd1 Qh6 38. Rb1 Na4 39. Bxa4 bxa4 40. Rxb8 Rxb8
41. Qc4 Qd2 42. Rf1 Qa5 43. Rc1 Rb3 44. Qc6 Qd2 45. Qc2 Qd4 46. Rd1 Rxg3+ 47.
Kh2 Qc3 48. Qxc3 Rxc3 49. Rb1 Rxa3 50. Rb6 Ra1 51. Rxd6 a3 52. Ra6 Kg7 53. g5
a2 54. Ra8 h6 55. gxh6+ Kxh6 56. Kg3 Rg1+ 0-1

[Event "Championnat de France - Open C"]
[Site "Aix-les-Bains"]
[Date "????.??.??"]
[Round "5.8"]
[White "Fontaine, Olivier"]
[Black "Scherrer, Gilles"]
[Result "1/2-1/2"]
[WhiteElo "1760"]
[BlackElo "1670"]
[PlyCount "42"]

1. d4 Nf6 2. c4 g6 3. g3 Bg7 4. Bg2 d6 5. Nf3 O-O 6. Nc3 Nbd7 7. O-O Rb8 8. e4
e5 9. Re1 Nb6 10. Qe2 Bg4 11. dxe5 dxe5 12. h3 Bxf3 13. Bxf3 Qd4 14. Nb5 Qxc4
15. Qxc4 Nxc4 16. Nxc7 a6 17. b3 Rfc8 18. Nxa6 bxa6 19. bxc4 Rxc4 20. a3 Rc3
21. Bg2 Bf8 1/2-1/2

[Event "Championnat de France - Open C"]
[Site "Aix-les-Bains"]
[Date "????.??.??"]
[Round "5.9"]
[White "Riquebon, Nathalie"]
[Black "Pinel, Jeremy"]
[Result "0-1"]
[WhiteElo "1760"]
[BlackElo "1663"]
[PlyCount "98"]

1. d4 Nf6 2. Nf3 e6 3. Bg5 d5 4. e3 Be7 5. Bd3 Nbd7 6. Nbd2 c5 7. c3 b6 8. e4
dxe4 9. Nxe4 Bb7 10. Qe2 O-O 11. Bxf6 Nxf6 12. Nxf6+ Bxf6 13. dxc5 bxc5 14. O-O
Qc7 15. Rfd1 Rfd8 16. a3 Rd6 17. Be4 Rb6 18. Rac1 Rd8 19. Rxd8+ Qxd8 20. Bxb7
Rxb7 21. b4 Qc7 22. Qc4 h6 23. b5 Qa5 24. a4 Rd7 25. Kf1 Qc7 26. Ke2 Rd5 27. h3
Qd6 28. a5 Bd8 29. Ra1 Qd7 30. Qb3 c4 31. Qxc4 Qxb5 32. Qxb5 Rxb5 33. a6 Rb2+
34. Nd2 Bg5 35. Rd1 Ra2 36. c4 Rxa6 37. Kd3 Bxd2 38. Rxd2 Rd6+ 39. Kc3 Rxd2 40.
Kxd2 Kf8 41. c5 Ke7 42. Kd3 Kd7 43. Kd4 Kc6 44. f4 a5 45. g4 f6 46. h4 g5 47.
fxg5 fxg5 48. hxg5 hxg5 49. Kc4 e5 0-1

[Event "Championnat de France - Open C"]
[Site "Aix-les-Bains"]
[Date "????.??.??"]
[Round "5.10"]
[White "Chazeau, Laineur-Lothaire"]
[Black "Fourcart, Marc"]
[Result "1-0"]
[WhiteElo "1660"]
[BlackElo "1759"]
[PlyCount "77"]

1. d4 Nf6 2. Bf4 d5 3. Nf3 c6 4. e3 e6 5. Nbd2 Be7 6. Ne5 O-O 7. Bd3 c5 8. c3
a6 9. Ndf3 Nc6 10. Nxc6 bxc6 11. Ne5 Qb6 12. Rb1 cxd4 13. exd4 c5 14. dxc5 Bxc5
15. O-O Bb7 16. Ng4 Nxg4 17. Qxg4 f5 18. Qg3 Rf6 19. Be2 Rg6 20. Qh3 d4 21. Bf3
Rd8 22. Bxb7 Qxb7 23. b4 Bb6 24. cxd4 Rxd4 25. Bc1 Rdg4 26. g3 Qe4 27. Qg2 Qd3
28. Qa8+ Qd8 29. Qxd8+ Bxd8 30. Rd1 Bb6 31. Rd6 Bd4 32. Rxa6 Re4 33. Bb2 f4 34.
Bxd4 Rxd4 35. b5 fxg3 36. hxg3 Rd7 37. b6 e5 38. b7 Rxb7 39. Ra8+ 1-0

[Event "Championnat de France - Open C"]
[Site "Aix-les-Bains"]
[Date "????.??.??"]
[Round "6.1"]
[White "Bienaime, Pierre"]
[Black "Bellaiche, Elise"]
[Result "1/2-1/2"]
[WhiteElo "1678"]
[BlackElo "1630"]
[PlyCount "43"]

1. d4 Nf6 2. c4 g6 3. Nc3 Bg7 4. e4 d6 5. f4 c5 6. dxc5 Qa5 7. Qa4+ Qxa4 8.
Nxa4 Nxe4 9. cxd6 Bd7 10. Bd3 Nxd6 11. Nc5 Bc6 12. Nf3 b6 13. Nb3 Bb7 14. O-O
Nd7 15. Rb1 Rc8 16. Nbd2 Nc5 17. Bc2 Ne6 18. Ng5 Nxg5 19. fxg5 O-O 20. b3 Nf5
21. Be4 Bxe4 22. Nxe4 1/2-1/2

[Event "Championnat de France - Open C"]
[Site "Aix-les-Bains"]
[Date "????.??.??"]
[Round "6.2"]
[White "Dimart, Denis"]
[Black "Bugnet, Jean-Francois"]
[Result "1-0"]
[WhiteElo "1686"]
[BlackElo "1630"]
[PlyCount "117"]

1. Nf3 d5 2. c4 e6 3. b3 c6 4. Bb2 Nf6 5. g3 Nbd7 6. Bg2 Bd6 7. O-O e5 8. d3
O-O 9. Nbd2 d4 10. Ng5 Ng4 11. Nde4 Be7 12. Bc1 Nc5 13. h3 Nxe4 14. Nxe4 Nf6
15. Nxf6+ Bxf6 16. Ba3 Be7 17. c5 Bd7 18. Qc1 Be6 19. Kh2 Bd5 20. e4 dxe3 21.
Qxe3 Bxg2 22. Kxg2 Qd5+ 23. Kh2 Rae8 24. Qe4 Rd8 25. Rad1 Rd7 26. Qe3 Rfd8 27.
Rfe1 f6 28. Re2 Qd4 29. Qc1 f5 30. b4 e4 31. Qf4 Qf6 32. Bb2 Qf7 33. Red2 Rxd3
34. Rxd3 exd3 35. Qe3 Bf8 36. Rxd3 Rxd3 37. Qxd3 Qxa2 38. Bd4 Qd5 39. Qc3 Qf7
40. Qe3 Be7 41. Qf4 Qf8 42. h4 b6 43. cxb6 axb6 44. Bxb6 Bxb4 45. Qc4+ Kh8 46.
Qxc6 f4 47. Kg2 fxg3 48. fxg3 h6 49. Bd4 Be7 50. Qxh6+ Kg8 51. Qe6+ Kh8 52. Qd5
Bd6 53. h5 Kh7 54. Qe4+ Kg8 55. h6 Qf7 56. hxg7 Qa2+ 57. Kh3 Qf7 58. Qa8+ Kh7
59. Qh8+ 1-0

[Event "Championnat de France - Open C"]
[Site "Aix-les-Bains"]
[Date "????.??.??"]
[Round "6.3"]
[White "Perradin, Vincent"]
[Black "Hadamard, Olivier"]
[Result "0-1"]
[WhiteElo "1780"]
[BlackElo "1769"]
[PlyCount "154"]

1. e4 c5 2. Nf3 Nc6 3. d4 cxd4 4. Nxd4 g6 5. Nc3 Bg7 6. Be3 d6 7. Bc4 Nf6 8. f3
a6 9. Qd2 O-O 10. h4 Ne5 11. Bb3 b5 12. Bh6 Nc4 13. Bxc4 bxc4 14. h5 e6 15. g4
Bd7 16. Bxg7 Kxg7 17. hxg6 fxg6 18. Qh6+ Kh8 19. Qxg6 Qe7 20. O-O-O Rab8 21.
Rh2 Be8 22. Qh6 Bd7 23. Rdh1 Rf7 24. g5 Ng8 25. Qh4 Rg7 26. f4 Rf8 27. Nd1 e5
28. fxe5 dxe5 29. Ne2 Rff7 30. Rg1 Rg6 31. Nec3 Be6 32. Qg3 Rf4 33. Rf2 Qf7 34.
Rgf1 Qe7 35. Rxf4 exf4 36. Qxf4 Qxg5 37. Qxg5 Rxg5 38. Rf8 Kg7 39. Ra8 a5 40.
b3 h5 41. Rd8 Nf6 42. Nf2 h4 43. Rd1 cxb3 44. axb3 Rg2 45. Rf1 h3 46. Ncd1 h2
47. Rh1 Nh5 48. Nd3 Bg4 49. Ne1 Re2 50. Nc3 Rf2 51. Nd3 Rg2 52. Ne1 Ng3 53.
Rxh2 Rxh2 54. e5 Ne2+ 55. Kd2 Nxc3+ 56. Kxc3 Be6 57. Kd3 Kf7 58. c4 Ke7 59. Kd4
Rd2+ 60. Kc3 Rd8 61. Nd3 Rc8 62. Nb2 Kd7 63. Na4 Kc6 64. Nb2 Rg8 65. Na4 Rg3+
66. Kb2 Re3 67. Nc3 Rxe5 68. Ka3 Re3 69. Nb5 Bxc4 70. Nd4+ Kc5 71. Nc2 Rxb3+
72. Ka2 Rh3+ 73. Kb2 Rh2 74. Kc3 Rh3+ 75. Kb2 a4 76. Na1 a3+ 77. Kc2 Kb4 0-1

[Event "Championnat de France - Open C"]
[Site "Aix-les-Bains"]
[Date "????.??.??"]
[Round "6.4"]
[White "Pinel, Jeremy"]
[Black "Pouchon, Joffrey"]
[Result "1-0"]
[WhiteElo "1663"]
[BlackElo "1770"]
[PlyCount "107"]

1. e4 c6 2. d4 d5 3. Nc3 dxe4 4. Nxe4 Bf5 5. Ng3 Bg6 6. h4 h6 7. h5 Bh7 8. f4
Nf6 9. Nf3 e6 10. Bd3 Bxd3 11. Qxd3 Nbd7 12. Ne5 c5 13. Be3 Nd5 14. O-O-O Nxe3
15. Qxe3 Nxe5 16. dxe5 Qa5 17. Qd3 Rd8 18. Qxd8+ Qxd8 19. Rxd8+ Kxd8 20. Rd1+
Kc7 21. Ne4 Be7 22. c4 Rd8 23. Rxd8 Kxd8 24. Kd2 Kd7 25. Kd3 f5 26. exf6 gxf6
27. g4 b6 28. Ng3 Bd6 29. Ke4 Ke7 30. b3 a6 31. Ne2 Kf7 32. Nc3 Ke7 33. f5 Be5
34. Na4 Bc7 35. fxe6 Kxe6 36. Nc3 Be5 37. Nd5 b5 38. Ne3 Bb2 39. cxb5 axb5 40.
Nf5 Bc1 41. a4 bxa4 42. bxa4 Bd2 43. Kd3 Bg5 44. Kc4 Ke5 45. a5 Kf4 46. a6 Kxg4
47. Ng7 f5 48. a7 Bf6 49. Ne8 Bd4 50. a8=Q Kxh5 51. Qf3+ Kg5 52. Nd6 h5 53.
Nxf5 Be5 54. Ng3 1-0

[Event "Championnat de France - Open C"]
[Site "Aix-les-Bains"]
[Date "????.??.??"]
[Round "6.5"]
[White "Masot, Liberto"]
[Black "Salgues, Michel"]
[Result "0-1"]
[WhiteElo "1742"]
[BlackElo "1711"]
[PlyCount "47"]

1. d4 e6 2. e3 Be7 3. f4 b6 4. Nf3 Bb7 5. Bd3 Nh6 6. O-O O-O 7. c3 f5 8. b3 Ng4
9. Qe1 Qe8 10. h3 Nf6 11. Nbd2 Qg6 12. Kh2 c5 13. g4 Ne4 14. gxf5 exf5 15. Rg1
Qh5 16. c4 Nxd2 17. Nxd2 cxd4 18. exd4 Bd6 19. Qg3 Qg6 20. Qf2 Qf6 21. Bb2 Be4
22. Bf1 Nc6 23. a3 Rae8 24. Ra2 0-1